Modern geometry; (Record no. 1867)
[ view plain ]
| 000 -LEADER | |
|---|---|
| fixed length control field | 00888nac a22002411u 4500 |
| 010 ## - | |
| -- | 29016536 |
| 082 00 - DEWEY DECIMAL CLASSIFICATION NUMBER | |
| Classification number | 513.5 |
| Item number | J661 |
| 090 ## - LOCALLY ASSIGNED LC-TYPE CALL NUMBER (OCLC); LOCAL CALL NUMBER (OCLC) | |
| -- | 1867 |
| -- | 1867 |
| 100 ## - MAIN ENTRY--PERSONAL NAME | |
| Personal name | Johnson, Roger A. |
| 245 10 - TITLE STATEMENT | |
| Title | Modern geometry; |
| Remainder of title | an elementary treatise on the geometry of the triangle and the circle, |
| Statement of responsibility, etc | by Roger A. Johnson ... under the editorship of John Wesley Young ... |
| 246 ## - VARYING FORM OF TITLE | |
| Title proper/short title | Advanced euclidean geometry |
| 260 ## - | |
| -- | Boston, |
| -- | New York [etc.] |
| -- | Houghton, Mifflin company |
| -- | [1929] |
| 300 ## - PHYSICAL DESCRIPTION | |
| Extent | xiii, 319 p. |
| Other physical details | diagrs. |
| Dimensions | 20 cm. |
| 336 ## - CONTENT TYPE | |
| Source | rdacontent |
| Content type term | text |
| Content type code | txt |
| 337 ## - MEDIA TYPE | |
| Media type term | unmediated |
| Source | rdamedia |
| Media type code | n |
| 338 ## - CARRIER TYPE | |
| Carrier type term | volume |
| Carrier type code | nc |
| Source | rdacarrier |
| 500 ## - GENERAL NOTE | |
| General note | Donations |
| 500 ## - GENERAL NOTE | |
| General note | Donations - Dr. Mostafa Gouda |
| 504 ## - BIBLIOGRAPHY, ETC. NOTE | |
| Bibliography, etc | Bibliography: p. vi-vii. |
| 650 #0 - SUBJECT ADDED ENTRY--TOPICAL TERM | |
| Topical term or geographic name as entry element | Geometry, Modern |
| General subdivision | Plane. |
| 700 1# - ADDED ENTRY--PERSONAL NAME | |
| Personal name | Young, John Wesley, |
| Dates associated with a name | 1879-1932, |
| 942 ## - ADDED ENTRY ELEMENTS (KOHA) | |
| Koha item type | Book - Borrowing |
| Call number prefix | 513.5J661 |
| Classification part | RDA-MOD |
| Withdrawn status | Lost status | Damaged status | Not for loan | Home library | Current library | Shelving location | Date acquired | Source of acquisition | Total Checkouts | Full call number | Barcode | Date last seen | Price effective from | Koha item type |
|---|---|---|---|---|---|---|---|---|---|---|---|---|---|---|
| Central Library | Central Library | First floor | 21/12/2006 | Purchase | 513.5 JOH | 000002450 | 15/07/2025 | 21/12/2006 | Book - Borrowing |